Domáci cestovný ruch a jeho podpora na Slovensku

Súčasný stav rozvoja domáceho cestovného ruchu. Formy podpory domáceho cestovného ruchu na Slovensku. Podpora domáceho cestovného ruchu v zahraničí.

Enregistré dans:
Détails bibliographiques
Auteur principal: Gúčik, Marián
Format: Chapitre de livre
Langue:slovaque
Sujets:
Tags: Ajouter un tag
Pas de tags, Soyez le premier à ajouter un tag!

MARC

LEADER 00000naa$a2200000$$$4500
001 0003699
005 20230724111850.7
041 0 |a slo 
044 |a SK 
245 1 0 |a Domáci cestovný ruch a jeho podpora na Slovensku  |c aut. Marian Gúčik 
520 |a Súčasný stav rozvoja domáceho cestovného ruchu. Formy podpory domáceho cestovného ruchu na Slovensku. Podpora domáceho cestovného ruchu v zahraničí. 
610 2 0 |a ruch cestovný domáci 
610 2 0 |a údaje štatistické 
610 2 0 |a Slovensko 
610 2 0 |a politika ruchu cestovného 
610 2 0 |a podpora podnikania 
610 2 0 |a kancelárie cestovné 
610 2 0 |a tržby 
610 2 0 |a príjmy 
100 1 |a Gúčik, Marián